| 000 | 00406nam a2200157Ia 4500 | ||
|---|---|---|---|
| 008 | 230711s9999||||xx |||||||||||||| ||und|| | ||
| 041 | _aENG | ||
| 082 |
_a372.6 _bSA-C |
||
| 100 | _aSaini,Harish C | ||
| 245 | 0 | _aPrinciples of communication engineering | |
| 250 | _a5th Ed. | ||
| 260 |
_c2012 _aJalandhar _bEagles Prakashan Regd |
||
| 650 | _aCOMMUNICATION SKILL | ||
| 700 | _aChhabra,Yogesh | ||
| 942 | _cBK | ||
| 999 |
_c7698 _d7698 |
||